| 000 | 00432 a2200169 4500 | ||
|---|---|---|---|
| 001 | 46149 | ||
| 020 | _a85-7488-172-4 | ||
| 040 | _cAnchieta - Aquarius | ||
| 100 | _aAndrade, Carlos Drummond | ||
| 240 | 1 | 0 |
_aAntologia de poesia brasileira para crianças _lpor |
| 245 | 1 | 0 | _aAntologia de poesia brasileira para crianças |
| 300 | _a | ||
| 362 | 0 | _a0 | |
| 440 | 1 | _aGirassol | |
| 650 | 4 | _aLiteratura infanto-juvenil | |
| 942 | _cBK | ||
| 999 |
_c46149 _d46149 |
||